Statistiques concernant Intercommunalités des Deux-Sèvres

Cliquez ici pour prendre le quiz!

Statistiques générales

  • Ce quiz a été pris 20 fois
  • Le résultat moyen est 6 sur 8

Statistiques - réponses

Nombres de CommunesIntercommunalités% Correct
40Communauté d'agglomération du Niortais
93%
33Communauté d'agglomération du Bocage Bressuirais
87%
38Communauté de communes de Parthenay-Gâtine
87%
24Communauté de communes du Thouarsais
87%
19Communauté de communes Haut Val de Sèvre
87%
62Communauté de communes Mellois en Poitou
80%
09Communauté de communes Airvaudais-Val du Thouet
47%
31Communauté de communes Val-de-Gâtine
7%

Distribution des résultats

Percentile par nombre de réponses

% des personnes avec chaque résultat

Votre développement - résultats

Vous n’avez pas pris ce quiz